• 首页
  • 本馆介绍
  • 公告通知
  • 最新文献
  • 馆藏检索
  • 电子资源
  • 读者导购
  • 参考咨询
  • 我的图书馆
  • 登录
  • 详细信息显示
  • 放入我的书架
  • 预约/预借图书
  • 作者相关作品
  • 分类相关作品
  • 丛书相关作品
  • 出版社相关作品

书目信息

  • 表格格式
  • 工作单格式
  • 卡片格式
书名: Man and space
作者:
分册号:
分册名:
出版地: Hong Kong :
 
出版社: Time-Life Books
出版时间: 1983.
页数: 200 p. :
开本: 28 cm.
丛书名: Life science library
中图分类号:
科图分类号:
其他分类号: V4-49
主题词:
电子资源:
000 00657nam 2200229 a 4500
001 E0761713684
005 20070505171551.20
008 001 0 eng
008 uu
040    @aNLC
049    @aN5LA
090    @a2/V4-49/CAC/ 1983//////////////////493095
090    @aV4-49
096    @aV4-49 @v2
099    @dV4-49@ex2
100 1  @aClarke, Arthur C.
245 10 @aMan and space
250    @a2nd ed.
260    @aHong Kong :@bTime-Life Books,@c1983.
300    @a200 p. :@bill. (some col.) ;@c28 cm.
440  0 @aLife science library @b00 @c20020930 @lNLC09 @h2246 @lNLC09 @h2301 @lNLC09 @h1852
852 9  @bWWJC @cJ08S @k2 @hV4-49 @iCAC/1983
    
    Man and space.-2nd ed.-Hong Kong : : Time-Life Books, , 1983.
    200 p. : : ill. (some col.) ; ; 28 cm.- (Life science library 00 20020930 NLC09 2246 NLC09 2301 NLC09 1852 )
    
    
    ISBN
    
●
相关链接 在E读中查询图书 在五车中查询图书 在当当中查询图书 在豆瓣中查询图书


正题名:Man and space     索取号:V4-49/x2         预约/预借

序号 登录号 条形码 馆藏地/架位号 状态 备注
1 007060   300070606   第二样本阅览室/ [索取号:V4-49/x2] 在馆    
唐山师范学院图书馆 欢迎您!
大连网信软件有限公司© 版权所有